header

Ely echoes (Record no. 133482)

MARC details
000 -LEADER
fixed length control field 01364nam a2200349Ia 4500
082 04 - DEWEY DECIMAL CLASSIFICATION NUMBER
Classification number 977.6/77
-- B
100 1# - MAIN ENTRY--AUTHOR NAME
Personal name Cary, Bob.
245 10 - TITLE STATEMENT
Title Ely echoes
260 ## - PUBLICATION, DISTRIBUTION, ETC. (IMPRINT)
Place of publication Duluth Minn. :
Name of publisher Pfeifer-Hamilton,
Year of publication c2000.
300 ## - PHYSICAL DESCRIPTION
Number of Pages xiv, 175 p. :
Other physical details ill.
500 ## - GENERAL NOTE
General note "Portions of this book first appeared in The Senior reporter and The Ely echo."
650 #0 - SUBJECT ADDED ENTRY--TOPICAL TERM
Topical Term Country life
856 40 - ELECTRONIC LOCATION AND ACCESS
Uniform Resource Identifier http://site.ebrary.com/lib/rucke/Doc?id=10159621

No items available.

© 2026 Rongo University
Contact us: librarian | system librarian | Rongo university